| 000 | 00700nam a2200169 a 4500 | ||
|---|---|---|---|
| 008 | 120416s0000 ||||||||||||||||| || u | ||
| 020 | _a0273033387 | ||
| 050 | _aTS 155 Hol | ||
| 100 | _aHollins, Gillian | ||
| 245 | 1 | 0 | _aTotal design |
| 246 | _amanaging the design process in the service sector | ||
| 260 |
_aLondon _bPitman _c1991 |
||
| 300 | _axii, 212p. : ill. | ||
| 350 | _a0.00 | ||
| 995 |
_aMAIN LIBRARY OPEN ACCESS _D0.00 _e017587 _FCBU-MAIN LIBRARY (Kitwe) _H2 _I17.99 _jTS 155 Hol _UAVAILABLE _y017587 _ZMain Library Open Access Collection |
||
| 995 |
_aMAIN LIBRARY OPEN ACCESS _D0.00 _e017586 _FCBU-MAIN LIBRARY (Kitwe) _H1 _I17.99 _jTS 155 Hol _UAVAILABLE _y017586 _ZMain Library Open Access Collection |
||
| 999 |
_c81348 _d81348 |
||